000 00695nam a2200289Ia 4500
005 20260324121940.0
008 008 260324s9999 xx 000 0 eng d
020 _a9780203097694
037 _aEBOOK
040 _aCRL
040 _beng
040 _cCRL
041 _2eng
041 _aeng
084 _qCRL
100 _aJane L. Wood; Theresa A. Gannon
_91164510
245 0 _aCrime and Crime Reduction
245 4 _bThe importance of group processes
260 _bTaylor and Francis
260 _c2013
365 _a
365 _b280
856 _uhttp://www.taylorfrancis.com/books/9780203097694
942 _cEBOOK
999 _c1756913
_d1756913